[Event "BRA-ch U18"]
[Site "Volta Redonda"]
[Date "2001.05.06"]
[Round "6.7"]
[White "Netto, Vinicius"]
[Black "Sampaio, Thiago A"]
[Result "1-0"]
[WhiteElo "1788"]
[BlackElo "1738"]
[PlyCount "75"]
[EventDate "2001.05.??"]
[EventType "swiss"]
[EventRounds "6"]
[EventCountry "BRA"]
[SourceTitle "EXT 2003"]
[Source "ChessBase"]
[SourceDate "2002.11.25"]
[SourceVersion "1"]
[SourceVersionDate "2002.11.25"]
[SourceQuality "1"]

1. e4 c6 2. d4 d5 3. Nd2 dxe4 4. Nxe4 Bf5 5. Ng3 Bg6 6. Nf3 h6 7. Bc4 e6 8. 0-0 Nd7 9. Bf4 Nb6 10. Bd3 Bxd3 11. Qxd3 Nd5 12. Bd2 Ngf6 13. Rfe1 Bd6 14. Ne5 0-0 15. c3 Qc7 16. Qf3 Nd7 17. Nxd7 Qxd7 18. Ne4 Be7 19. Rad1 f5 20. Ng3 Rae8 21. c4 Nf6 22. Bf4 Bd6 23. h3 Bxf4 24. Qxf4 Re7 25. Re5 Rd8 26. Rde1 Qxd4 27. Qxd4 Rxd4 28. Nxf5 Red7 29. Nxd4 Rxd4 30. b3 Rd2 31. Rxe6 Rxa2 32. Re7 b6 33. Rc7 c5 34. Ree7 Nh5 35. g4 Ra1+ 36. Kh2 Nf4 37. Rxg7+ Kh8 38. Rgd7 1-0

[Event "BRA-ch U18"]
[Site "Volta Redonda"]
[Date "2001.05.05"]
[Round "4.7"]
[White "Netto, Vinicius"]
[Black "Facci, Leonardo"]
[Result "1/2-1/2"]
[WhiteElo "1788"]
[BlackElo "1862"]
[PlyCount "70"]
[EventDate "2001.05.??"]
[EventType "swiss"]
[EventRounds "6"]
[EventCountry "BRA"]
[SourceTitle "EXT 2003"]
[Source "ChessBase"]
[SourceDate "2002.11.25"]
[SourceVersion "1"]
[SourceVersionDate "2002.11.25"]
[SourceQuality "1"]

1. e4 e5 2. Nf3 Nc6 3. Bc4 Bc5 4. c3 Nf6 5. d4 exd4 6. cxd4 Bb4+ 7. Nc3 Nxe4 8. 0-0 Nxc3 9. bxc3 Be7 10. Re1 d5 11. Bb5 0-0 12. Bxc6 bxc6 13. Ne5 Bd7 14. Qh5 f6 15. Nxd7 Qxd7 16. Bf4 Bd6 17. Bxd6 Qxd6 18. Re3 g6 19. Qe2 Rf7 20. Re1 Raf8 21. Qa6 c5 22. Qxa7 cxd4 23. Qxd4 c6 24. Qd2 Kg7 25. Re6 Qc5 26. Qd4 Qb5 27. a4 Qa6 28. Qxd5 Qxa4 29. Rxc6 Rb8 30. g3 Rb2 31. c4 Qb4 32. Qe4 Qc3 33. Qe3 Qb4 34. Qe4 Qc3 35. Qe3 Qb4 1/2-1/2